000 004820000a22001570004500
003 MACL
005 20170921151057.0
008 170921b xxu||||| |||| 00| 0 eng d
040 _cmacl
100 _aव्‍यास,वी.
_969218
245 _aसमुद्र संग्राम
260 _bभारतीय ज्ञानपीठ
_c2005
_aदिल्‍ली
350 _a285
650 _aउपन्‍यास
_969219
942 _cHIN
_k891.433/VYA/N
_2ddc
999 _c12388
_d12388